000 00844cam a2200277K 4500
001 44596
005 20230410115415.0
008 990211s1969 ag 000 0 spa d
035 _a(OCoLC)ocm40776022
040 _aPUL
_cPUL
035 _a(OCoLC)40776022
050 1 4 _aHD 4851
_bA939 1969
245 0 3 _aLa Autogestión, el Estado y la revolución.
260 _aBuenos Aires :
_bEditorial Proyección,
_c[1969]
300 _a156 p.
_c20 cm.
500 _aTranslation of : L'autogestion, l'etat et la révolution.
650 0 _aWorking class.
650 0 _aLabor movement.
650 0 _aLabor.
650 0 _aSocial conflict.
650 0 _aSocial control.
856 _3Mas?... busque en WorldCat (solo desde FUNGLODE)
_uhttp://wwww.firstsearch.oclc.org/fsip.
942 _2lcc
_cbk
994 _aC0
_bDRFGD
946 _acsexposito
999 _c40536
_d40536